000 00686nam a2200253 a 4500
005 20210219152957.0
008 991125n 000 0 spa u
035 _aUPN01000070266
100 _aENGELHARDT, Michael von
222 _aEDUCACION
245 _aCualificación y selección en la enseñanza : orientación del trabajo pedagógico y conciencia social de los maestros
260 _aALEMANIA
300 _a31-57
362 _a1985 Vol. 32
653 0 _aALUMNOS
653 0 _aCOMPORTAMIENTO
653 0 _aCURRICULUM
653 0 _aENSEÑANZA
653 0 _aEVALUACION
653 0 _aSOCIALISMO
653 0 _aSOCIEDAD
904 _aAC
_b008077
905 _aArticulo
999 _c65308
_d65308